01251nam a2200301Ia 450000500170000000800410001702000190005808200190007710000350009624501210013125000180025230000430027049000210031350000270033450502220036165000330058365000310061665000440064765000520069170000250074394200120076826400310078033600270081133700330083833800280087104000350089999900150093420220317001106.0160825s2008 ck a g 000 0 spa  a9789582004801204a372.868 bE71a1 aEscobar Zamora, Cielo Patricia10aA bailar Colombia!b danzas para la educación básicacCielo Patricia Escobar Zamora ; ilustrado por Sergio Arias a2a edición  a151 páginas bilustraciones c24 cm  aArtísticamente aIncluye bibliografía aDesarrollo del niño escolar -- Clasificación del folclor -- Aspectos pedagógicos de la danza -- A bailar Colombia!: Danzas de la Región Andina -- Danzas de la Costa Pacífica -- Danzas de la Costa Atlántica142LEMBaDanzas xEnseñanzas 142LEMB aFolclor zColombia 142LEMBaMúsica folclórica colombiana.142LEMBaDanzas populares y nacionales colombianas1 aArias, Sergio965636 2ddccBK aBogotábMagisterioc2008 atextobtxt2rdacontent asin mediaciónbn2rdamedia avolumenbnc2rdacarrier aCO-BoRNBPbspaerdacCO-BoRNBP c5898d5898